000 00492nam a2200145Ia 4500
008 090123s9999 xx 000 0 und d
082 _b860
245 _aव्हिएतनामी युध्द कशीसाठी ?
250 _a1
300 _a140
630 _aव्हिएतनामी युध्द कशीसाठी ?
700 _aशिखरे मा.प.
730 _aव्हिएतनामी युध्द कशीसाठी ?
942 _cBOOK
999 _c38947
_d38947